Ochrana ľudských práv. 1

Zriadenie Kancelárie agenta pre zastupovanie Slovenskej republiky v konaní pred orgánmi Európskej komisie pre ľudské práva a Európskeho súdu pre ľudské práva pri Rade Európy. Vymenovanie JUDr. R. Fica za agenta SR a jeho práca v súvislosti s kontrolným mechanizmom ochrany ľudských práv Rady Európy....

Description complète

Enregistré dans:
Détails bibliographiques
Auteur principal: Fico, Róbert
Autres auteurs: Vrábel, P.
Format: Chapitre de livre
Langue:slovaque
Sujets:
Tags: Ajouter un tag
Pas de tags, Soyez le premier à ajouter un tag!

MARC

LEADER 00000naa a2200000 4500
001 r018376
005 20221213101349.2
041 0 |a slo 
044 |a SK 
245 1 0 |a Ochrana ľudských práv. 1  |c Róbert Fico, P. Vrábel 
520 |a Zriadenie Kancelárie agenta pre zastupovanie Slovenskej republiky v konaní pred orgánmi Európskej komisie pre ľudské práva a Európskeho súdu pre ľudské práva pri Rade Európy. Vymenovanie JUDr. R. Fica za agenta SR a jeho práca v súvislosti s kontrolným mechanizmom ochrany ľudských práv Rady Európy. Postup občanov SR v prípade porušenia ľudských práv. Základné predpoklady na prijatie sťažnosti. Právomoc orgánov Rady Európy vo veciach sťažností. 
610 2 0 |a Slovensko 
610 2 0 |a ochrana ľudských práv 
610 2 0 |a práva ľudské 
610 2 0 |a ochrana právna 
610 2 0 |a kontrola 
610 2 0 |a sťažnosti 
610 2 0 |a právo ústavné 
100 1 |a Fico, Róbert 
700 1 |a Vrábel, P.